Представление документа в формате MARC21

Поле Инд. ПП Название Значение
Тип записи a
Библиографический уровень m
001 Контрольный номер 0a8f5151a00949baa616214f1ed35223
005 Дата корректировки 20260409121215.3
020 a ISBN 978-5-7995-1245-3
c Цена, тираж 1303 р. 50 к.
040 b Код языка каталог. rus
e Правила каталог. PSBO
041 0_ a Код языка текста rus
080 a Индекс УДК 314.15
084 a Индекс другой классификации/Индекс ББК С546.7
084 a Индекс другой классификации/Индекс ББК С723.5
084 a Индекс другой классификации/Индекс ББК С74
090 x Авторский знак В 35
a Полочн. индекс С5
097 b Оператор *Еж*
097 b Оператор *Ж*
097 b Оператор *С*
097 b Оператор *Фа-С*
100 1_ a Автор Верпатова О.Ю.
245 10 a Заглавие *Управление миграционными процессами в современном обществе
b Продолж. заглавия монография
c Ответственность Тверской государственный технический университет
260 a Место издания Тверь
b Издательство ТвГТУ
c Дата издания 2022
300 a Объем 152 с.
516 8_ a Прим. о типе комп. файла/ данных Текст : непосредственный
520 0_ a Аннотация Рассматриваются миграционные процессы с точки зрения социокультурного подхода. Затрагивается проблема трактовки понятия «миграция» и типологии миграционных процессов. Анализируются практики и подходы к управлению миграционными потоками в различных странах мира, а также отечественный опыт управления в сфере регулирования миграции.
653 0_ a Ключевые слова Миграционные процессы
a Ключевые слова Миграция
a Ключевые слова Миграционные потоки
a Ключевые слова Этнокультурная миграция
a Ключевые слова Социально-экономическая миграция
a Ключевые слова Политическая миграция
a Ключевые слова Управление миграцией
655 07 a Жанр/ форма (устаревшее) М
900 a Имя макрообъекта 001-000152495-000000000-0000-0000-00
901 t Тип документа m
905 b Дата создания записи обработка 20.12.22
922 c Кафедра Социология и социальные технологии
951 i EL-ТГТУ? Да
952 a Тип литературы для КСУ ВШ М2
952 e Факультет *ФУСК*
990 h N записи в КСУ для Б/У (DOS) 41/2022
h N записи в КСУ для Б/У (DOS) 8/2026
g Размещение заказа (DOS) РИЦ
990 c Приоритет заказа (DOS) *д*
f Даты поступлений (DOS) 13.12.22
f Даты поступлений (DOS) 08.04.26
j Количество экземпляров (DOS) 16+4